Primenenije teorii grafov v programmirovanii
Enregistré dans:
| Auteur principal: | |
|---|---|
| Format: | Livre |
| Langue: | russe |
| Publié: |
Moskva
Nauka
1985
|
| Édition: | 1. izd. |
| Collection: | Bibliotečka programmista
|
| Tags: |
Pas de tags, Soyez le premier à ajouter un tag!
|
MARC
| LEADER | 00000nam a2200000 4500 | ||
|---|---|---|---|
| 001 | c024301 | ||
| 005 | 20221220082140.2 | ||
| 041 | 0 | |a rus | |
| 044 | |a RU | ||
| 245 | 1 | 0 | |a Primenenije teorii grafov v programmirovanii |c Vladimir Anatol'jevič Jevstignejev |
| 250 | |a 1. izd. | ||
| 264 | 1 | |a Moskva |b Nauka |c 1985 | |
| 300 | |a 351 s. | ||
| 490 | 1 | |a Bibliotečka programmista | |
| 830 | 0 | |a Bibliotečka programmista | |
| 100 | 1 | |a Jevstignejev, Vladimir Anatol'jevič | |